000 00489nam a2200169Ia 4500
003 GCL
008 140319s9999 xx 000 0 ara d
040 _aGCL /
_cGCL
082 0 4 _a400.9
_bا ت
100 1 _aابراهيم السامرائى
245 1 0 _aالتطور اللغوى التاريخى /
_cابراهيم السامرائى
300 _a239 ص
490 _a
650 0 4 _aاللغة العربية
650 0 4 _aاللغة العربية - تاريخ
942 _2ddc
_cBK
999 _c38380
_d38380